[Event "Chesswise int op"]
[Site "Stratton Mountain"]
[Date "2000.07.14"]
[Round "7"]
[White "Blatny, Pavel"]
[Black "Atalik, Suat"]
[Result "1/2-1/2"]
[WhiteElo "2535"]
[BlackElo "2549"]
[Annotator "Atalik,S"]
[PlyCount "73"]
[EventDate "2000.07.10"]
[EventType "swiss"]
[EventRounds "9"]
[EventCountry "USA"]
[SourceTitle "CBM 078"]
[Source "ChessBase"]
[SourceDate "2000.10.18"]
[SourceVersion "1"]
[SourceVersionDate "2000.10.18"]
[SourceQuality "1"]

1. b3 g6 2. Bb2 Nf6 3. f4 d5 4. e3 Bg7 5. Be2 c5 6. Nf3 O-O 7. O-O Nc6 8. Ne5
Bd7 9. Bf3 Rc8 10. Nc3 e6 {Black plays a Queen's Indian with tempo down.
However it is very difficult to say whites hypermodern setup can make the
tempo useful.} (10... d4 $5 11. exd4 cxd4 12. Ne2 Nxe5 13. fxe5 Ng4 14. Nxd4
Nxe5 15. Bxb7 Rb8 (15... Nc4 16. Bc3 $1 (16. bxc4 Rxc4 17. c3 Bxd4+ 18. cxd4
Rb4 19. Ba3 Rxb7 20. Qf3 $11) 16... Ne3 17. dxe3 Rxc3 18. Qd2 Qc7 19. Be4 Rd8
$44) 16. Be4 Bg4 (16... Nc4 $6 17. bxc4 Rxb2 18. Nb3 $16) 17. Qe1 Nc4 18. bxc4
Bxd4+ (18... Rxb2 19. Nb3) 19. Bxd4 Qxd4+ $11) 11. Ne2 $5 (11. d4 {looks more
to the point.} Qa5 $5 $13) 11... Ne4 $1 {I like this more than Ioardachescu's
Ne8.} 12. Nxc6 Bxc6 13. Bxg7 Kxg7 14. d3 Nd6 15. Qd2 b6 16. Rad1 (16. b4 Bb7 $1
$13 (16... cxb4 17. Qxb4 Nf5 18. g4 Nh4 19. Bh1 $36)) 16... f5 $1 {Preparing
f6 square for the Q.} 17. d4 $6 (17. c4 Qf6 18. Qc3 $11) 17... c4 $1 {Black
takes over the initiative.} 18. b4 a5 19. a3 (19. bxa5 $6 b5 $1 $17) 19... Ra8
20. Ra1 Rf7 21. Rfb1 Rfa7 $6 (21... Ra6 22. Nc3 b5 23. Ra2 Rfa7 24. Rba1 Qa8
$17) 22. Qc1 axb4 23. axb4 Nb5 24. Rxa7+ Rxa7 25. Ra1 Qa8 26. Rxa7+ Qxa7 27. c3
Qa2 $6 {Another inexactitude.} (27... Qa3 $1 {was natural and good.} 28. Qe1 $8
(28. Qxa3 $2 Nxa3 29. Kf2 Nb1 30. Ke1 Ba4 $19) 28... Qb2 $11) 28. g4 Na3 29.
Kf2 Nb1 30. gxf5 $2 (30. h4 {After this move it is blacks turn to be careful.}
Nd2 31. gxf5 exf5 32. Qg1 Qb1 $1 (32... Nxf3 $2 33. Kxf3 h5 (33... Qc2 34. h5
Qe4+ 35. Kf2 Be8 36. Qg5 $16) 34. Qg5 Kf7 35. Qd8 Qa7 36. Ng1 $16) (32... Ne4+
$2 33. Bxe4 dxe4 34. Qg5 Ba4 35. Qe7+ Kh6 36. Qa7 $1 $16) 33. Qxb1 (33. Qg2 h5
34. Ng1 Nxf3 $11) 33... Nxb1 34. Ke1 Kf6 35. Kd1 Ke6 36. Kc1 Na3 37. Ng1 Nb5
38. Kd2 Nd6 $11) 30... exf5 31. h4 (31. b5 Ba8 32. h4 h5 {transposes}) 31... h5
$1 32. Qg1 $6 {It is very strange that some sharp tactician like Pavel is
reluctant to insert b5 in this position.} (32. b5 Ba8 33. Qg1 Nxc3 34. Bxh5
Ne4+ 35. Kf3 Nd2+ $11) 32... Nxc3 33. Qg5 $1 (33. Bxh5 $2 Be8 34. Bf3 (34. Bxg6
$4 Qxe2+) 34... Qd2 35. h5 Nd1+ 36. Kg3 Nxe3 $19) 33... Be8 $4 {The double
question mark goes to tactical inability to see simple exchange of queens from
my part.Objectively due to impregnance of whites camp still after the missed
oppurtunity the bishops endgame is a draw.} (33... Qxe2+ 34. Bxe2 Ne4+ 35. Ke1
Nxg5 36. fxg5 Kf7 $1 (36... Ba4 37. Bf3 $11) (36... c3 37. b5 Bd7 38. Bd3 f4
39. exf4 Bg4 40. Kf2 Bd1 41. Ke3 $11) (36... f4 37. exf4 $11) 37. Bd1 Ke6 (
37... Bd7 38. Bc2 Ke6 39. Kd2 $11) (37... c3 38. Bb3 Ke6 39. Kd1 Bb5 40. Kc2
Bc4 41. Bxc4 dxc4 42. b5 $11) 38. Kd2 $1 $11 (38. Bc2 $4 c3 39. Kd1 Bb5 40. Kc1
Be2 $19)) 34. Qe7+ Bf7 35. Qe5+ Kg8 36. Qb8+ Kg7 37. Qe5+ 1/2-1/2

[Event "Groningen op"]
[Site "Groningen"]
[Date "1998.12.28"]
[Round "9"]
[White "Rechel, Bernd"]
[Black "Atalik, Suat"]
[Result "1/2-1/2"]
[WhiteElo "2365"]
[BlackElo "2585"]
[Annotator "Atalik,S"]
[PlyCount "138"]
[EventDate "1998.12.??"]
[EventType "swiss"]
[EventRounds "11"]
[EventCountry "NED"]
[SourceTitle "EXT 2002"]
[Source "ChessBase"]
[SourceDate "2001.11.25"]
[SourceVersion "1"]
[SourceVersionDate "2001.11.25"]
[SourceQuality "1"]

1. f4 d5 2. Nf3 g6 3. g3 Bg7 4. Bg2 Nh6 5. O-O Nf5 (5... Nc6 $5) 6. Nc3 c6 $6 (
6... d4 7. Ne4 Nc6 8. c3 e5 9. fxe5 Nxe5 10. Nxe5 Bxe5 11. cxd4 Bxd4+ 12. e3
Bg7 $13) 7. e4 $1 dxe4 (7... Bxc3 $6 8. dxc3 dxe4 9. Qxd8+ Kxd8 10. Ng5 Ke8 11.
Nxe4 $16) 8. Nxe4 O-O (8... Bxb2 $6 9. Bxb2 Qb6+ 10. d4 Qxb2 11. Qd3 Qb6 12. g4
$16) 9. c3 Nd6 10. Nf2 Nd7 11. d4 $16 Nf6 12. Re1 Qc7 13. a4 $5 Bf5 (13... b6
14. a5) 14. Ng5 $6 (14. Qe2 $5) 14... Rad8 15. Qe2 Rfe8 16. g4 Bc8 17. h3 b6
18. a5 c5 19. axb6 axb6 20. dxc5 bxc5 21. Nd3 e6 22. Ne5 h6 23. Ngf3 Bb7 $11
24. Be3 Nd5 25. Bd2 c4 26. h4 $6 (26. Nd4 Qb6) 26... Ra8 27. Rxa8 Rxa8 $1 {<->a
} 28. Nxg6 $5 Qb6+ $1 (28... fxg6 29. Qxe6+ Nf7 30. Ne5 Ra6 31. Qe8+ Bf8 32.
Nd7 (32. Nxf7 $2 Qxf7 33. Qxf7+ Kxf7 34. Re5 Rd6 $19) 32... Qd6 (32... Ra8 33.
Qe6 $11) 33. Nxf8 Nf6 (33... Qxf8 $2 34. Qb5) 34. Qe2 Kxf8 35. Bxb7 Qb6+ 36.
Be3 Qxb7 37. Bc5+ $44) 29. Nd4 (29. Kh2 fxg6 (29... Qxb2 $5 30. Nge5 Nxc3 31.
Bxc3 Qxc3 $19) 30. Qxe6+ Nf7 31. Qxb6 Nxb6 32. Re7 Bxf3 33. Bxf3 Ra2 $19) 29...
Bxd4+ 30. cxd4 Qxd4+ 31. Kh2 Ra2 $1 (31... fxg6 $2 32. Qxe6+ Nf7 33. Qxg6+) 32.
Qe5 (32. Bxd5 Rxb2 $1 (32... Bxd5 33. Ne7+ (33. Bc3 Qxc3 34. Ne7+ Kf8 35. bxc3
Rxe2+ 36. Rxe2 Kxe7 $19) 33... Kf8 34. Nxd5 Rxb2 $19) 33. Ne7+ Kh7 $19 (33...
Kf8 34. Ng6+ Kg7 35. Rd1 exd5 36. Qe5+ Qxe5 37. Nxe5 c3 $19)) 32... Qxe5 33.
fxe5 Nc8 $1 {xe7} 34. Bxd5 (34. Nf4 Rxb2 $19) 34... Bxd5 (34... exd5 35. Nf4
Rxb2 36. Re2 d4 37. Bc1 Rb1 38. Rb2 Rxb2+ 39. Bxb2 c3 40. Ba3 Ba6 $19 (40...
Be4 $6 41. Ne2) 41. Nd5 Bc4) 35. Nf4 Rxb2 36. Re2 Bf3 37. Rf2 c3 (37... Bxg4
$19) 38. Be1 Rxf2+ (38... c2 $6 39. Nd3 Bxg4 40. Rg2 h5 41. Bc3 Ra2 42. Nc1)
39. Bxf2 Bxg4 40. Bc5 $1 {xNc8} c2 41. Nd3 Bf5 42. Nc1 Kg7 43. Kg3 Kg6 44. Kf4
f6 (44... h5 45. Ne2 f6 46. Nc1 fxe5+ 47. Kxe5 Kf7 $19) 45. exf6 $6 (45. h5+
Kf7 $17 (45... Kxh5 46. exf6 Kg6 47. Ke5 h5 48. Bf2 $11)) 45... Kxf6 46. Ke3
Ne7 47. Kd2 Ng6 $6 (47... Nd5 $142) 48. Be3 $1 Kg7 (48... h5 $142 $19) 49. h5
Ne7 50. Bd4+ Kh7 51. Nb3 Nc6 52. Bf6 e5 53. Kc1 (53. Na1 Nd4) 53... Kg8 54. Na1
Kf7 55. Bh8 Nb4 56. Kd2 Bh7 57. Nb3 Nc6 58. Kc1 (58. Na1 Nd4) 58... Bf5 59. Kd2
Be4 60. Kc1 Bd3 61. Kd2 (61. Na1 $2 Nd4 62. Kd2 Be4 $22 $19) 61... e4 62. Bb2
Nb4 63. Nc1 $2 (63. Nd4 Nd5 64. Bc1 $3 (64. Nxc2 Bxc2 65. Kxc2 Ne3+ 66. Kb3 Ke6
67. Bc1 Nf5 $1 (67... Ng4 68. Kc2 Ke5 69. Kc3 e3 70. Kd3 Kf4 71. Ke2 Ke4 72.
Bb2 $11) 68. Kc4 Ke5 69. Kc3 e3 70. Kd3 Kf4 $19) 64... Nf6 65. Nf5 (65. Nxc2
Nxh5 66. Nb4 Bb1 $15) 65... Nxh5 66. Nxh6+ Ke6 67. Ng4 $11) 63... Bb5 64. Ba3
Nd5 65. Kxc2 Kf6 $1 (65... Bc4 $6 66. Bb2 Nf6 $17 (66... Nf4 67. Kd2 Nxh5 68.
Ke3)) 66. Kd2 $2 (66. Na2 Kg5 67. Nc3 Bd3+ 68. Kd2 Nb6 $19) 66... Bc4 $19 67.
Bc5 Kg5 68. Ne2 Bxe2 69. Kxe2 Kxh5 1/2-1/2

[Event "AUT-ch playoff"]
[Site "Vienna"]
[Date "1989.12.??"]
[Round "1"]
[White "Brestian, Egon"]
[Black "Fauland, Alexander"]
[Result "0-1"]
[WhiteElo "2465"]
[BlackElo "2450"]
[Annotator "Benesch,H"]
[PlyCount "95"]
[EventDate "1989.12.??"]
[EventType "match"]
[EventRounds "2"]
[EventCountry "AUT"]
[SourceTitle "EXT 2015"]
[Source "ChessBase"]
[SourceDate "2014.11.20"]
[SourceVersion "1"]
[SourceVersionDate "2014.11.20"]
[SourceQuality "1"]

{Schach-Report 1/1990 Seite 31} 1. g3 Nf6 2. f4 g6 3. Bg2 d5 4. Nf3 Bg7 5. d3
O-O 6. O-O b6 7. c3 (7. e4 $5) 7... Bb7 8. Qe1 Nbd7 9. h3 Re8 10. Nh4 e5 11. f5
Nf8 (11... e4 $1) 12. Na3 h6 13. fxg6 fxg6 14. Nc2 Kh7 15. Bd2 Ne6 16. Kh2 Rf8
17. Rd1 Qe7 18. c4 c5 (18... Rad8 $1) 19. cxd5 Nd4 $1 20. Rc1 Nxc2 21. Rxc2 e4
22. b4 Bxd5 23. bxc5 bxc5 24. Be3 Rac8 25. Qc1 exd3 26. exd3 ({nicht} 26. Bxc5
Rxc5 27. Rxc5 Bxg2 28. Kxg2 d2 $1 {mit schwarzem Gewinn}) 26... Bxg2 27. Nxg2
Nd5 28. Rxf8 Bxf8 29. Rc4 Nxe3 30. Nxe3 $2 {Zeitnot!} ({Besser} 30. Qxe3) 30...
Rd8 31. Re4 Qd7 32. Qf1 $2 (32. Qc4 {hätte die Stellung gehalten}) 32... Bg7
33. Ng2 Qxd3 34. Qf4 $2 (34. Qxd3 {wäre die letzte Hoffnung gewesen}) 34... Rf8
35. Qg4 Rf2 36. Re7 Qd5 37. Qe4 Qxe4 38. Rxe4 Rxa2 39. Kg1 Bd4+ 40. Kh2 a5 41.
h4 a4 42. Re7+ Kg8 43. Kh3 g5 44. hxg5 hxg5 45. Ne1 a3 46. Ra7 c4 47. Rc7 Re2
48. Nf3 0-1

[Event "Espoo zt"]
[Site "Espoo"]
[Date "1989.??.??"]
[Round "?"]
[White "Karlsson, Lars"]
[Black "Mortensen, Erling"]
[Result "1-0"]
[WhiteElo "2510"]
[BlackElo "2475"]
[Annotator "ChessBase"]
[PlyCount "77"]
[EventDate "1989.07.??"]
[EventType "tourn"]
[EventRounds "13"]
[EventCountry "FIN"]
[EventCategory "11"]
[SourceTitle "CBM 014"]
[Source "ChessBase"]
[SourceDate "1990.02.01"]
[SourceVersion "1"]
[SourceVersionDate "1990.02.01"]
[SourceQuality "1"]

1. g3 Nf6 2. f4 d5 3. Nf3 c5 4. Bg2 g6 5. O-O Bg7 6. d3 Nc6 7. Nc3 d4 (7... O-O
8. e4 dxe4 9. dxe4 Qxd1 10. Rxd1 e5 $10) 8. Na4 Nd7 9. Ng5 $5 Qc7 (9... O-O 10.
Bxc6 $5 bxc6) 10. f5 $1 Nd8 (10... b5 11. Bd5 $1 Nde5 12. fxg6 hxg6 (12... bxa4
13. gxf7+ Kf8 14. Be4 Ng6 15. e3 {/\ 16.Qh5}) 13. Nxc5 Qd6 14. Bxf7+ Nxf7 15.
Nce4 $18) 11. c3 $1 gxf5 12. Rxf5 Ne5 13. Rf1 Ng4 14. Bf4 e5 15. Bd2 Qe7 16.
Ne4 Ne6 17. cxd4 exd4 18. Rc1 O-O 19. Naxc5 Nxc5 20. Rxc5 Be6 21. Bg5 f6 22.
Bf4 Ne3 23. Bxe3 dxe3 24. Rb5 $1 b6 25. Nc3 Rac8 26. Bd5 Kh8 27. Bxe6 Qxe6 28.
Rbf5 Rc5 29. Rxc5 bxc5 30. Qb3 Qc8 31. Nd5 f5 32. Nf4 Be5 33. Qd5 Bxb2 34. Ne6
Rf6 35. Nxc5 f4 36. Rxf4 Rxf4 37. gxf4 Qg4+ 38. Qg2 Qxf4 39. Qa8+ 1-0

[Event "Basel Hilton op 15th"]
[Site "Basel"]
[Date "2013.01.02"]
[Round "3"]
[White "Schmidt Schaeffer, Sebastian"]
[Black "Edouard, Romain"]
[Result "0-1"]
[WhiteElo "2356"]
[BlackElo "2686"]
[Annotator "Edouard,R"]
[PlyCount "82"]
[EventDate "2013.01.01"]
[EventType "swiss"]
[EventRounds "7"]
[EventCountry "SUI"]
[SourceTitle "CBM 152"]
[Source "ChessBase"]
[SourceDate "2013.01.15"]
[SourceVersion "1"]
[SourceVersionDate "2013.01.15"]
[SourceQuality "1"]

1. f4 d5 2. Nf3 g6 3. e3 Bg7 4. Be2 {A system my opponent seemed to like!} c5
5. O-O Nc6 (5... Nf6 6. d4 O-O {might make more sense.}) 6. d4 Qb6 7. c3 (7. c4
$5 cxd4 $5 8. cxd5 Nb4 9. Nxd4 Bxd4 10. exd4 Nf6 $13) 7... Nf6 8. Nbd2 O-O 9.
Ne5 {This kind of position is quite easy to play for White and not so easy to
break.} Bf5 (9... Be6 {with the idea of} 10. Nd3 Nd7 {makes more sense. But,
in general, probably Black's queen is a bit misplaced on b6.}) 10. g4 Be6 {
I thought I might later take advantage of the pawn on g4, but actually it
makes very little sense for Black.} 11. Nd3 c4 $2 (11... cxd4 12. exd4 Nxd4 $5
13. cxd4 Qxd4+ {was simply at least not worse for Black, who'll capture either
the g4- or the f4-pawn.}) 12. Nc5 Bc8 13. b3 (13. e4 Nxd4 $1 14. cxd4 Nxg4 $13)
13... cxb3 (13... Qa5 $5 14. bxc4 (14. Bb2 b6 15. b4 Nxb4 16. Ncb3 Qa4 17. cxb4
cxb3 {is fine for Black.}) 14... Qxc3 15. Ndb3 dxc4 16. Bd2 Qb2 17. Bc1 {
is a draw.} (17. Rb1 $5)) 14. axb3 {Now White is just slightly better.} Qc7 15.
Bb2 $6 (15. Bf3 {is a more logical move.}) 15... Qd6 $2 (15... b6 16. Nd3 Qd7
17. Nf2 a5 {would be normal and not so clear.}) 16. Bf3 (16. e4 $1 dxe4 17.
Ndxe4 Nxe4 18. Nxe4 {is just better for White.}) 16... b6 17. Nd3 (17. Na6 $5)
17... Qe6 {Of course this was the only idea behind trying this move 15...Qd6,
but even here White is just better.} 18. Ne5 (18. Re1 $1 Nxg4 19. e4 dxe4 20.
Nxe4 Qd7 21. d5 $40 {followed by Qc2, c4.}) 18... Nxe5 19. dxe5 (19. fxe5 Nxg4
20. Qe2 Bh6 (20... Nh6 $5) 21. e4 Ne3 22. exd5 Nxd5 23. c4 Nf4 24. Qd1 Rb8 {
should be very fine for Black.}) 19... Nxg4 20. Qe2 h5 $6 {Including this move
makes no sense at all.} (20... Nh6 {was necessary, since} 21. c4 Bb7 22. cxd5
$6 Bxd5 23. e4 Bc6 24. f5 $2 {does not work because of} gxf5 25. exf5 Nxf5 $1
26. Bg4 (26. Bxc6 Qxc6 27. Rxf5 Qg6+ $19) 26... Qg6 27. Rxf5 Bd7 28. Qe4 Rfd8
$5 $17) 21. c4 Bb7 22. cxd5 (22. Rfd1 $5 {with the idea of Nf1 and Qg2 seems
strong.}) 22... Bxd5 23. e4 Bc6 24. f5 Qd7 ({Something like} 24... gxf5 25.
exf5 Bxf3 26. Rxf3 Qd5 27. Nc4 Rfd8 28. h3 b5 29. hxg4 bxc4 30. bxc4 Qc5+ 31.
Kh2 Rab8 {might hold, but looked very ugly to me.}) 25. Bxg4 hxg4 26. Rad1 gxf5
$1 27. exf5 (27. Rxf5 Qe6 28. Qxg4 Rad8 $17) (27. Nc4 $6 Qb7 $17) 27... Bh6 $4
{Of course 27...Qd5 was completely necessary. My opponent was lacking time and
I wanted to create a surprise. But the move itself is so bad that nobody would
dislike this kind of surprise!} (27... Qd5 28. Qxg4 Rad8 $1 (28... Qh1+ 29. Kf2
Qxh2+ 30. Ke1 Rad8 31. Rg1 Qh6 {might hold but is extremely ugly. I did not
want to enter that line, but I simply forgot about this move 28...Rad8 which I
had seen several moves before! Well, just trying to find a way to explain this
amazing move 27...Bh6 :-)}) 29. Nf3 $8 (29. f6 $2 exf6 30. exf6 Qh1+ 31. Kf2
Qxh2+ $19) 29... Qe4 {and Black is better.}) 28. Nc4 $2 ({I saw immediately
after he had played this move that} 28. Ne4 $1 Qb7 29. Bc1 $1 {just wins for
White}) 28... Qb7 29. e6 $1 (29. Qxg4+ $2 Kh7 $17) (29. Rd4 Bf3 30. Qd3 f6 {
is not so clear.}) (29. Bc1 $2 Bf3 30. Qf2 Bg7 $17) 29... f6 $8 (29... Bf3 30.
exf7+ Rxf7 31. Qe6 Qc6 32. Nd6 $1 $18) 30. Qxg4+ $2 (30. Rd4 $1 Bf3 31. Rxg4+
Bxg4 32. Qxg4+ Kh8 33. Qh3 $1 {controlling the g2-square, would have given
White a big advantage.}) 30... Kh8 31. Qh5 Rg8+ 32. Kf2 Rg2+ 33. Ke1 Kg7 34.
Qf7+ (34. Rd4 Be8 35. Rg4+ Kh7 36. Qh3 Rxg4 37. Qxg4 Rd8 38. Rg1 Bh5 $1 39.
Qxh5 Qe4+ {and Black has enough counterplay for a draw.}) 34... Kh8 35. Qh5 Kg7
36. Rf2 $4 {What a surprise!} Be8 $19 {Suddenly White is just losing.} 37. Qh4
(37. Qh3 Rg1+ 38. Rf1 Qe4+ $19) (37. Qe2 Rg1+ 38. Rf1 Rxf1+ 39. Qxf1 Qe4+ $19)
37... Rg1+ 38. Rf1 (38. Ke2 Bh5+ 39. Qxh5 Qe4+ 40. Ne3 Qxe3#) 38... Rxf1+ 39.
Kxf1 Qf3+ 40. Ke1 Bh5 41. Bxf6+ Kh7 {Undeserved victories happen! What can one
do!} 0-1

[Event "Rockaden"]
[Site "Stockholm"]
[Date "1996.??.??"]
[Round "3"]
[White "Karlsson, Lars"]
[Black "Engqvist, Thomas"]
[Result "1/2-1/2"]
[WhiteElo "2465"]
[BlackElo "2380"]
[Annotator "Engqvist"]
[PlyCount "45"]
[EventDate "1996.??.??"]
[EventType "game"]
[EventRounds "1"]
[EventCountry "SWE"]
[SourceTitle "CBM 052"]
[Source "ChessBase"]
[SourceDate "1996.06.01"]
[SourceVersion "1"]
[SourceVersionDate "1996.06.01"]
[SourceQuality "1"]

1. f4 d5 2. Nf3 g6 3. g3 Bg7 4. Bg2 c5 (4... Nh6 5. O-O Nf5 6. Nc3 c6 7. e3 Nd7
(7... d4 8. exd4 Nxd4 9. Nxd4 Qxd4+ 10. Kh1 $10) 8. d3 O-O 9. Kh1 Nd6 10. Qe1 (
10. e4 $2 Bxc3) 10... e5 11. e4 dxe4 12. Nxe4 Nxe4 13. Qxe4 exf4 14. Qxf4 $10 {
Sjoberg,M-Engqvist, Stockholm, Club Championship, SK Rockaden (07)}) 5. d3 (5.
O-O Nh6 6. Nc3 $5 (6. d3 {- 5.d3}) 6... d4 7. Ne4 Qc7 $13 {Seirawan}) 5... Nh6
6. e3 $146 (6. O-O d4 7. c4 (7. c3 Nf5 8. e4 dxe3 9. Na3 Nc6 10. Qe2 Rb8 11.
Nc4 O-O 12. Bxe3 Nxe3 13. Qxe3 b6 14. Nfe5 Nxe5 15. Nxe5 Bb7 16. Bxb7 Rxb7 17.
Rad1 Bxe5 18. fxe5 Rd7 19. e6 {1/2 Malanjuk-Seirawan, Moskva (GMA) 1990}) 7...
Nc6 8. Na3 O-O 9. Nc2 Nf5 (9... Rb8 10. Bd2 Nf5 11. Rb1 a5 12. Ng5 Bd7 13. Ne4
b6 14. b3 Qc8 15. a3 Nd6 16. b4 axb4 17. axb4 Nxe4 18. Bxe4 cxb4 19. Nxb4 Nxb4
20. Rxb4 b5 21. cxb5 Rxb5 22. Rxb5 Bxb5 23. Qb3 $14 {Karlsson-Torres, Novi Sad
(ol) 1992}) 10. Ng5 Qc7 11. Qe1 Nd6 12. b4 cxb4 13. Nxb4 Nxb4 14. Qxb4 Rb8 15.
c5 Nf5 16. Bd2 Bd7 17. Qa3 a6 18. Rab1 Bb5 19. Rfc1 h6 20. Ne4 Bc6 21. Qb3 Qd7
22. Qd1 Rfc8 $13 {Karlsson,L-Cramling,P, Stockholm 1992}) 6... Nc6 7. Qe2 Nf5
8. c3 e5 (8... d4 $3 {Karlsson's very interesting suggestion.} 9. e4 (9. O-O
Nxe3 10. Bxe3 dxe3 11. Qxe3 $13) 9... dxc3 {The point with 8...d4!!} 10. Nxc3 (
10. bxc3 Nfd4 11. Nxd4 (11. cxd4 $2 Nxd4 12. Nxd4 Qxd4 $19) 11... Nxd4 12. Qd1
$15) (10. exf5 Bxf5 11. Ne5 $5 (11. Nxc3 $2 Bxd3 12. Qf2 Nb4 $19) (11. bxc3
Bxd3 12. Qf2 Nb4 13. cxb4 Bxa1 14. Bb2 Bxb2 15. Qxb2 O-O 16. bxc5 (16. Ne5 Bxb1
17. Qxb1 Qb6 $17) 16... Rc8 $17) 11... Nxe5 12. fxe5 Bxd3 13. Qf2 $13) 10...
Nfd4 11. Nxd4 Nxd4 12. Qf2 $10) 9. e4 dxe4 10. dxe4 Nd6 11. fxe5 Nxe5 12. Nxe5
Bxe5 13. Bh6 {/\ Nd2-f3} Qb6 $5 (13... Qc7 $1) 14. O-O (14. Nd2 $2 Qxb2) 14...
Be6 15. Qf2 {/\ Be3} Qc7 16. Nd2 f6 17. Nf3 O-O-O (17... Nf7 $2 18. Bg7 Rg8 19.
Nxe5 Rxg7 (19... fxe5 20. Bf6 $16) 20. Nd3 $18) 18. Nxe5 fxe5 19. b3 (19. b4
Nc4 $1 20. bxc5 Kb8 $44 {/\ Rc8}) (19. Qf6 Rhe8 20. Qxe5 $2 Bc4) (19. Be3 Nc4
20. Bxc5 $2 Rd2 $19) 19... Kb8 (19... Rhe8) 20. Rad1 Rhe8 21. c4 {>< d4} b6 22.
Qf6 Nf7 23. Be3 (23. Bg7 Rd4 24. Rxd4 cxd4 25. Bh3 Bxh3 26. Qxf7 Qxf7 27. Rxf7
d3 28. Bh6 Rd8 29. Bd2 Rd4 30. Rxh7 Bg4 {and Black's passed pawn is dangerous.}
) (23. Be3 Rxd1 24. Rxd1 Nd8 $1 {/\ Nc6-d4 . Black's knight will be strong at
d4, and White's bishop on g2 is bad. On the other hand White's heavy pieces
are strong on the f-file, there- fore .}) 1/2-1/2

[Event "MK Cafe Cup-A"]
[Site "Koszalin"]
[Date "1999.08.11"]
[Round "8"]
[White "Koc, Przemyslaw"]
[Black "Haba, Petr"]
[Result "0-1"]
[WhiteElo "2345"]
[BlackElo "2544"]
[Annotator "Ftacnik,L"]
[PlyCount "66"]
[EventDate "1999.08.03"]
[EventType "swiss"]
[EventRounds "9"]
[EventCountry "POL"]
[SourceTitle "CBM 073"]
[Source "ChessBase"]
[SourceDate "1999.12.01"]
[SourceVersion "1"]
[SourceVersionDate "1999.12.01"]
[SourceQuality "1"]

1. f4 d5 2. Nf3 g6 3. g3 Bg7 4. Bg2 Nf6 5. O-O O-O 6. d3 c5 7. Nc3 d4 8. Ne4
Nxe4 9. dxe4 Nc6 10. e3 Bg4 {In this Dutch position with reversed colours
white has an extra tempo giving him claim to some initiative.} (10... e5 11.
fxe5 Nxe5 12. exd4 cxd4 13. Nxe5 Bxe5 14. Bf4 Bg7 15. Qf3 Be6 16. e5 Qb6 17.
Qxb7 Qxb7 18. Bxb7 Rab8 19. Be4 Rxb2 {1/2-1/2 Pimenov,S-Ilivitzki,G/Erevan/
1955/ (37)}) (10... dxe3 11. c3 (11. Bxe3 Bxb2 12. Rb1 Bd4 13. Nxd4 cxd4 14.
Bf2 Qa5 15. Qd3 b6 16. Qc4 Bb7 17. Be1 Qa6 18. Qb3 Rac8 {0-1 Kangas,M-Kilpela,
P/Helsinki/1997/ (32)}) 11... Qxd1 12. Rxd1 e2 (12... Na5 13. Bxe3 Nc4 14. Bc1
Bg4 15. h3 Bxf3 16. Bxf3 Rad8 17. Rxd8 Rxd8 18. e5 f6 19. exf6 Bxf6 20. Be2 b5
21. a4 a6 22. Kf2 {1-0 Hartmann,W-Teufel,J/Krumbach/1981/ (62)}) 13. Re1 e5 14.
Rxe2 Be6 (14... Rd8 15. Be3 b6 16. Ree1 Ba6 17. Bf1 Bd3 18. Bxd3 Rxd3 19. Rad1
Rad8 20. Rxd3 Rxd3 21. Kf2 {1-0 Schubert,C-Groszpeter,A/Groningen/1977/ (42)})
15. Be3 b6 16. Nd2 Rac8 17. Rf2 f5 18. Bh3 Nd4 19. Bxd4 cxd4 20. Nf3 dxc3 21.
Nxe5 cxb2 22. Rxb2 Rc5 {0-1 Knezevic,M-Dely,P/Skopje/1967/ (41)}) (10... Qb6
11. e5 (11. Kh1 Rd8 12. Qe2 Bd7 13. e5 dxe3 14. Bxe3 Nd4 15. Qf2 Bc6 16. Rab1
a5 17. Nh4 Bxg2+ 18. Nxg2 Rac8 19. c3 Nf5 20. Bc1 {1/2-1/2 Grunberg,M-Somlai,L/
Timisoara/1994/ (33)}) (11. exd4 cxd4 12. Kh1 Be6 13. Re1 Rfd8 14. Ng5 Bc4 15.
b3 Ba6 16. e5 Nb4 17. a3 Nd5 18. Qg4 e6 19. Bd2 Rac8 20. Rac1 Ne3 {0-1 Vanka,
M-Reznicek,J/CZE/1998/ (25)}) 11... f6 12. exf6 exf6 13. Re1 Rd8 14. exd4 cxd4
15. Kh1 Qb5 16. b3 Bg4 17. Bb2 Rac8 18. a3 d3 19. c4 Qb6 20. b4 a5 21. c5 Qb5
22. Qb3+ Kh8 23. Bc3 axb4 24. axb4 Bxf3 {1/2-1/2 Moe,M-Bilek,I/Siegen 1970/MCD
(24)}) 11. h3 (11. exd4 Nxd4 12. c3 Nxf3+ 13. Bxf3 Bh3 $15) 11... Bxf3 12. Qxf3
e5 (12... Nb4 $6 13. Rf2 dxe3 14. Bxe3 Bxb2 15. Rb1 Bd4 (15... Bg7 16. Bxc5
Nxa2 17. e5 $16) 16. Bxd4 Qxd4 17. c3 Qd3 18. Rfb2 $1 Qxf3 19. Bxf3 Nc6 20.
Rxb7 $16) 13. f5 (13. exd4 cxd4 14. f5 $14) 13... Bh6 $1 14. Qe2 (14. exd4
Qxd4+ $11) (14. Bd2 $2 dxe3 15. Bxe3 Nd4 $15) 14... Bxe3+ (14... dxe3 15. c3
$13) 15. Bxe3 dxe3 16. c3 Qg5 (16... Qd2 17. Rae1 Rad8 18. Qxe3 Qxb2 19. Rb1
Qxa2 20. Rxb7 $11) 17. Rf3 Rad8 18. h4 Qh6 {With the help of the e3 pawn Haba
hopes to grab the only open file on the board.} (18... Qh5 19. Qxe3 b6 20. Rf2
$16) 19. Rxe3 (19. Qxe3 Qxe3+ 20. Rxe3 Rd2 $17) 19... Rd6 20. Qf2 b6 21. fxg6
hxg6 (21... fxg6 22. Rf3 Rxf3 23. Qxf3 Rd2 24. Bf1 $1 $14) 22. Rf1 f6 23. g4 g5
$1 (23... Ne7 24. Rf3 Rd2 25. Qe1 Rxb2 26. g5 $16) 24. Rh3 Ne7 25. Qe3 (25. h5
Rfd8 26. Rh2 Kg7 27. Bf3 $13) 25... Ng6 26. hxg5 (26. Rxf6 $2 Rfxf6 27. hxg5
Rd1+ 28. Kh2 Qxh3+ 29. Bxh3 Rfd6 $19) (26. h5 Nf4 27. Rh2 Rfd8 $17) 26... Qxg5
27. Qxg5 fxg5 28. Rh5 {[%mdl 4096] Despite vulnerable pawn on g5 black is
better due to the superiority of the knight over white's bishop.} (28. Rf5 Rxf5
29. exf5 Nf4 30. Rf3 Kf7 $15) (28. Rxf8+ Kxf8 29. Rh5 Nf4 30. Rxg5 Rd1+ $19)
28... Nf4 (28... Rxf1+ 29. Bxf1 Kg7 30. Rxg5 Rd1 31. Rh5 Re1 $11) 29. Rxg5+ Kh7
30. Rxe5 $6 (30. Rf2 $1 Rg6 31. Rxg6 (31. Rxe5 Rxg4 32. Re7+ Kh6 $15) 31...
Kxg6 32. Kh2 Rh8+ 33. Kg3 Kg5 $13) 30... Rd2 $1 31. Kh1 (31. Bf3 Nh3+ 32. Kh1
Nf2+ $19) 31... Kg6 32. Rh5 (32. Bh3 Rxb2 33. Rf5 Rh8 (33... Rxf5 34. gxf5+ $1
Kg5 35. f6 Ng6 36. f7 $18) 34. R1xf4 Rxh3+ 35. Kg1 Rxc3 $17) 32... Rxg2 (32...
Rxb2 33. a3 Rxg2 34. Rf5 Rh8+ 35. Rh5 Rxh5+ 36. gxh5+ Kxh5 37. Rxf4 Ra2 $19)
33. Rxf4 $2 (33. Rf5 Rh8+ 34. Rh5 Rxh5+ 35. gxh5+ Kxh5 36. Rxf4 Rxb2 $17) 33...
Rxf4 (33... Rxf4 34. Kxg2 Rxg4+ 35. Kf3 Kxh5 $19) 0-1